[Event "Liepajas Rokade"]
[Site "Liepaja"]
[Date "2016.08.07"]
[Round "7"]
[White "Fridman, Daniel"]
[Black "Giorgadze, Giorgi"]
[Result "1-0"]
[WhiteElo "2620"]
[BlackElo "2584"]
[PlyCount "97"]
[EventDate "2016.08.06"]
[EventType "tourn (rapid)"]
[EventRounds "7"]
[EventCountry "LAT"]
[EventCategory "15"]
[SourceTitle "CBM 173 Extra"]
[Source "ChessBase"]
[SourceDate "2016.08.29"]
[SourceVersion "1"]
[SourceVersionDate "2016.08.29"]
[SourceQuality "1"]

1. d4 Nf6 2. c4 e6 3. Nf3 Bb4+ 4. Nc3 b6 5. Bd2 Bb7 6. e3 0-0 7. Bd3 d5 8. a3 Bd6 9. Qc2 a6 10. e4 dxe4 11. Nxe4 Nxe4 12. Bxe4 Bxe4 13. Qxe4 Nd7 14. Rd1 Nf6 15. Qc2 b5 16. c5 Be7 17. 0-0 Nd5 18. Qe4 Bf6 19. h4 Ne7 20. g4 Qd5 21. Qxd5 Nxd5 22. g5 Be7 23. Ne5 f6 24. Nc6 fxg5 25. hxg5 Rf5 26. f4 Bf8 27. Rde1 Re8 28. Re4 g6 29. Rfe1 Bg7 30. Rxe6 Rxe6 31. Rxe6 Nxf4 32. Re8+ Kf7 33. Re7+ Kf8 34. Bxf4 Rxf4 35. Rxc7 Rg4+ 36. Kf1 Rxg5 37. Nd8 Rf5+ 38. Ke2 Bf6 39. Ne6+ Ke8 40. Rxh7 Rh5 41. Ra7 Rh2+ 42. Kd3 Rxb2 43. d5 Rb3+ 44. Ke2 Rb2+ 45. Kd1 Rb1+ 46. Kc2 Rb2+ 47. Kc1 Re2 48. c6 Be5 49. c7 1-0

[Event "Liepajas Rokade"]
[Site "Liepaja"]
[Date "2016.08.06"]
[Round "4"]
[White "Giorgadze, Giorgi"]
[Black "Lintchevski, Daniil"]
[Result "0-1"]
[WhiteElo "2584"]
[BlackElo "2527"]
[PlyCount "110"]
[EventDate "2016.08.06"]
[EventType "tourn (rapid)"]
[EventRounds "7"]
[EventCountry "LAT"]
[EventCategory "15"]
[SourceTitle "CBM 173 Extra"]
[Source "ChessBase"]
[SourceDate "2016.08.29"]
[SourceVersion "1"]
[SourceVersionDate "2016.08.29"]
[SourceQuality "1"]

1. Nf3 d5 2. g3 c6 3. Bg2 Bg4 4. d3 Nd7 5. Nbd2 Ngf6 6. 0-0 e5 7. h3 Bxf3 8. Nxf3 Bc5 9. Nxe5 Nxe5 10. d4 Bd6 11. dxe5 Bxe5 12. c4 0-0 13. cxd5 Nxd5 14. Qb3 Qb6 15. Qxb6 axb6 16. a3 Rfd8 17. Rb1 b5 18. Bxd5 Rxd5 19. Be3 f5 20. Rfc1 Kf7 21. Kg2 Ra4 22. Rc2 Rc4 23. Rbc1 Rxc2 24. Rxc2 Ke6 25. Kf3 g6 26. h4 Rd1 27. Bf4 Bf6 28. Bd2 Kd5 29. Bc3 Bxc3 30. Rxc3 c5 31. e3 Rd2 32. b3 Ra2 33. Rd3+ Kc6 34. e4 fxe4+ 35. Kxe4 Rxf2 36. Ke5 Re2+ 37. Kf6 c4 38. bxc4 bxc4 39. Rd8 b5 40. g4 Re4 41. h5 gxh5 42. gxh5 Re3 43. Rc8+ Kd5 44. Rd8+ Kc6 45. Rc8+ Kb7 46. Rh8 Rxa3 47. Rxh7+ Kb6 48. Rh8 Rh3 49. Ke5 Kc5 50. h6 Kb4 51. h7 c3 52. Kd4 c2 53. Rc8 Rxh7 54. Rxc2 Rd7+ 55. Ke3 Kb3 0-1

[Event "ESP-chT Honor Gp1"]
[Site "Cala Mayor"]
[Date "2008.09.07"]
[Round "5"]
[White "Giorgadze, Giorgi"]
[Black "Cifuentes Parada, Roberto"]
[Result "1/2-1/2"]
[WhiteElo "2592"]
[BlackElo "2529"]
[PlyCount "77"]
[EventDate "2008.09.03"]
[EventType "team"]
[EventRounds "5"]
[EventCountry "ESP"]
[SourceTitle "CBM 126"]
[Source "ChessBase"]
[SourceDate "2008.10.01"]
[SourceVersion "1"]
[SourceVersionDate "2008.10.01"]
[SourceQuality "1"]

1. d4 d5 2. c4 c6 3. e3 Nf6 4. Nf3 g6 5. Nc3 Bg7 6. Bd3 0-0 7. 0-0 dxc4 8. Bxc4 Bg4 9. h3 Bxf3 10. Qxf3 Nbd7 11. Rd1 e5 12. Bb3 Qe7 13. dxe5 Nxe5 14. Qe2 Rad8 15. e4 Rxd1+ 16. Bxd1 Rd8 17. Bc2 b5 18. f4 Nc4 19. e5 Nd5 20. Nxd5 Rxd5 21. Be4 Rd8 22. Be3 f6 23. Bf2 fxe5 24. Bxc6 a6 25. a4 e4 26. axb5 axb5 27. Bxe4 Qd6 28. Ra8 Rxa8 29. Bxa8 Bd4 30. b3 Bxf2+ 31. Qxf2 Qd1+ 32. Kh2 Nd2 33. g3 Nxb3 34. Qb6 Qe2+ 35. Kg1 Qe1+ 36. Kg2 Qe2+ 37. Kg1 Qe1+ 38. Kg2 Qe2+ 39. Kg1 1/2-1/2

[Event "ESP-chT Honor Gp2"]
[Site "Torrelavega"]
[Date "2007.06.28"]
[Round "2"]
[White "Giorgadze, Giorgi"]
[Black "Ubilava, Elizbar"]
[Result "0-1"]
[WhiteElo "2610"]
[BlackElo "2540"]
[PlyCount "128"]
[EventDate "2007.06.27"]
[EventType "team"]
[EventRounds "5"]
[EventCountry "ESP"]
[SourceTitle "CBM 119"]
[Source "ChessBase"]
[SourceDate "2007.08.01"]
[SourceVersion "1"]
[SourceVersionDate "2007.08.01"]
[SourceQuality "1"]

1. d4 Nf6 2. Nf3 e6 3. e3 c5 4. Bd3 b6 5. 0-0 Bb7 6. Nbd2 Be7 7. b3 0-0 8. Bb2 Nc6 9. a3 Rc8 10. Qe2 d5 11. Ne5 cxd4 12. exd4 Nxe5 13. dxe5 Nd7 14. b4 a5 15. Qg4 Re8 16. Nf3 f5 17. exf6 Bxf6 18. Bxf6 Qxf6 19. Rae1 Re7 20. h4 e5 21. Bf5 Rc4 22. Qg5 h6 23. Qxf6 gxf6 24. Bd3 Rf4 25. bxa5 bxa5 26. Rb1 Nc5 27. Be2 Re4 28. Rfe1 Na4 29. Rb3 Rc7 30. Bd3 Rxe1+ 31. Nxe1 e4 32. Bf1 Nc3 33. Rb6 d4 34. f3 e3 35. Bd3 Kf7 36. g4 Nd5 37. Rb5 Nf4 38. Bf5 Ba6 39. Rxa5 d3 40. cxd3 Rc1 41. Rxa6 Rxe1+ 42. Kh2 e2 43. Ra7+ Kf8 44. Ra8+ Ke7 45. Ra7+ Kd6 46. Rd7+ Kc5 47. d4+ Kc4 48. Rc7+ Kxd4 49. Re7 Rf1 50. Re4+ Kd5 51. Kg3 Nh5+ 52. gxh5 e1Q+ 53. Rxe1 Rxe1 54. Kf4 Re5 55. a4 Kd4 56. Bg6 Kc3 57. Kg4 Kb3 58. f4 Rc5 59. Be8 Kc4 60. Kf3 Kd4 61. Bd7 f5 62. Bb5 Rc3+ 63. Ke2 Ke4 64. a5 Rc2+ 0-1

[Event "ESP-chT Honor Gp2"]
[Site "Torrelavega"]
[Date "2007.06.27"]
[Round "1"]
[White "Aagaard, Jacob"]
[Black "Giorgadze, Giorgi"]
[Result "1/2-1/2"]
[WhiteElo "2477"]
[BlackElo "2610"]
[PlyCount "119"]
[EventDate "2007.06.27"]
[EventType "team"]
[EventRounds "5"]
[EventCountry "ESP"]
[SourceTitle "CBM 119"]
[Source "ChessBase"]
[SourceDate "2007.08.01"]
[SourceVersion "1"]
[SourceVersionDate "2007.08.01"]
[SourceQuality "1"]

1. e4 e5 2. Nf3 Nc6 3. Bb5 a6 4. Ba4 Nf6 5. 0-0 Be7 6. Re1 b5 7. Bb3 0-0 8. h3 Bb7 9. c3 d5 10. exd5 Nxd5 11. d3 Bf6 12. a4 b4 13. a5 Rb8 14. d4 exd4 15. cxd4 Ba8 16. Bc4 Nde7 17. Bxa6 Nxd4 18. Nxd4 Bxd4 19. Nd2 Qd6 20. Bf1 Rbd8 21. Qg4 Ng6 22. Nb3 Bf6 23. Bd2 c5 24. Be3 Ne5 25. Qg3 Nd3 26. Qxd6 Rxd6 27. Bxd3 Rxd3 28. Nxc5 Rd5 29. Re2 h5 30. Na6 Rc8 31. Nxb4 Rb5 32. Nd3 Be4 33. Ra3 Bxd3 34. Rxd3 Rxa5 35. b4 Ra1+ 36. Kh2 Rc4 37. Rb3 Rc3 38. Rxc3 Bxc3 39. Bc5 Rb1 40. Re4 f5 41. Rc4 Rb3 42. g3 g5 43. h4 Bf6 44. hxg5 Bxg5 45. Rd4 Kf7 46. Kg2 Bf6 47. Rd7+ Kg6 48. Rb7 h4 49. gxh4 Bxh4 50. Bd4 f4 51. b5 Rd3 52. Bc5 Rc3 53. Bd4 Rd3 54. Bc5 Rc3 55. Ba7 Ra3 56. Rc7 Rb3 57. Rb7 Kf5 58. Rf7+ Ke4 59. b6 f3+ 60. Rxf3 1/2-1/2

[Event "GEO-ch 66th"]
[Site "Tbilisi"]
[Date "2007.03.21"]
[Round "7"]
[White "Giorgadze, Giorgi"]
[Black "Kacheishvili, Giorgi"]
[Result "1-0"]
[WhiteElo "2610"]
[BlackElo "2587"]
[PlyCount "79"]
[EventDate "2007.03.14"]
[EventType "tourn"]
[EventRounds "11"]
[EventCountry "GEO"]
[EventCategory "11"]
[SourceTitle "CBM 117 Extra"]
[Source "ChessBase"]
[SourceDate "2007.05.09"]
[SourceVersion "1"]
[SourceVersionDate "2007.05.09"]
[SourceQuality "1"]

1. d4 Nf6 2. Nf3 e6 3. c4 c5 4. d5 b5 5. dxe6 fxe6 6. cxb5 d5 7. Bf4 a6 8. e3 c4 9. bxa6 Qb6 10. Nbd2 Nc6 11. Qc2 Bxa6 12. a3 Be7 13. Be2 Nd7 14. Bg5 Bd6 15. Rd1 Nce5 16. 0-0 0-0 17. Qc3 Rfc8 18. e4 Rab8 19. exd5 exd5 20. Rb1 Nd3 21. Be3 Bc5 22. Bxc5 N7xc5 23. Qd4 Ne6 24. Qxb6 Rxb6 25. Bxd3 cxd3 26. g3 Rc2 27. b4 Bb5 28. Rfe1 h6 29. h4 Ra6 30. Ra1 Rc3 31. a4 Bd7 32. b5 Ra5 33. Ne5 Be8 34. b6 Nc5 35. Nxd3 Rxd3 36. Rxe8+ Kf7 37. Re2 Rc3 38. Rb1 Nb7 39. Rbe1 Kf6 40. Re6+ 1-0

[Event "GEO-ch 66th"]
[Site "Tbilisi"]
[Date "2007.03.19"]
[Round "5"]
[White "Giorgadze, Giorgi"]
[Black "Gelashvili, Tamaz"]
[Result "1/2-1/2"]
[WhiteElo "2610"]
[BlackElo "2612"]
[PlyCount "99"]
[EventDate "2007.03.14"]
[EventType "tourn"]
[EventRounds "11"]
[EventCountry "GEO"]
[EventCategory "11"]
[SourceTitle "CBM 117 Extra"]
[Source "ChessBase"]
[SourceDate "2007.05.09"]
[SourceVersion "1"]
[SourceVersionDate "2007.05.09"]
[SourceQuality "1"]

1. d4 Nf6 2. Nf3 e6 3. e3 b6 4. Bd3 Bb7 5. 0-0 c5 6. b3 Be7 7. Bb2 0-0 8. Nbd2 cxd4 9. exd4 d6 10. c4 Nbd7 11. Re1 Re8 12. b4 a5 13. a3 axb4 14. axb4 Rxa1 15. Qxa1 Qc7 16. Qd1 b5 17. c5 Bc6 18. Nb3 Nd5 19. Qd2 Bf6 20. Ng5 Bxg5 21. Qxg5 N7f6 22. Qd2 Ra8 23. Ra1 Rxa1+ 24. Bxa1 Qd7 25. Bf1 Nc7 26. Na5 Nfd5 27. Bc3 Ba8 28. Qc1 f6 29. Bd2 dxc5 30. bxc5 Ne7 31. Qb2 g5 32. h3 h6 33. Bc3 Kg7 34. Qa3 Bd5 35. Bb2 Nc6 36. Nxc6 Qxc6 37. Qb4 Kf7 38. Bc3 Qb7 39. f3 Bc6 40. Qb1 Kg7 41. Bd2 Nd5 42. h4 Qa6 43. Kh2 Qb7 44. Qe4 Nf4 45. Qe1 Qd7 46. g3 Ng6 47. Qe3 e5 48. hxg5 hxg5 49. Bc3 Qd5 50. Bd3 1/2-1/2

[Event "GEO-ch 66th"]
[Site "Tbilisi"]
[Date "2007.03.16"]
[Round "3"]
[White "Gagunashvili, Merab"]
[Black "Giorgadze, Giorgi"]
[Result "1/2-1/2"]
[WhiteElo "2611"]
[BlackElo "2610"]
[PlyCount "36"]
[EventDate "2007.03.14"]
[EventType "tourn"]
[EventRounds "11"]
[EventCountry "GEO"]
[EventCategory "11"]
[SourceTitle "CBM 117 Extra"]
[Source "ChessBase"]
[SourceDate "2007.05.09"]
[SourceVersion "1"]
[SourceVersionDate "2007.05.09"]
[SourceQuality "1"]

1. d4 Nf6 2. c4 e6 3. Nc3 Bb4 4. Nf3 c5 5. e3 Nc6 6. Be2 cxd4 7. exd4 d5 8. 0-0 0-0 9. Bg5 Be7 10. a3 b6 11. Re1 dxc4 12. Bxc4 Bb7 13. Qd3 h6 14. Bd2 Na5 15. Ba2 Bxf3 16. Qxf3 Qxd4 17. Bf4 Rac8 18. Rac1 Qd7 1/2-1/2

[Event "ESP-chT Honor Gp1"]
[Site "Olite"]
[Date "2006.09.08"]
[Round "3"]
[White "Pelletier, Yannick"]
[Black "Giorgadze, Giorgi"]
[Result "0-1"]
[WhiteElo "2583"]
[BlackElo "2607"]
[PlyCount "76"]
[EventDate "2006.09.05"]
[EventType "team"]
[EventRounds "5"]
[EventCountry "ESP"]
[SourceTitle "CBM 115"]
[Source "ChessBase"]
[SourceDate "2006.11.15"]
[SourceVersion "1"]
[SourceVersionDate "2006.11.15"]
[SourceQuality "1"]

1. d4 Nf6 2. c4 e6 3. Nf3 Bb4+ 4. Nc3 b6 5. Bg5 Bb7 6. Nd2 h6 7. Bh4 Bxc3 8. bxc3 d6 9. f3 Nbd7 10. e4 e5 11. Be2 Nf8 12. Bf2 Ne6 13. g3 0-0 14. h4 Re8 15. Nf1 exd4 16. cxd4 Nxe4 17. fxe4 Bxe4 18. Rh2 d5 19. Nd2 Bg6 20. Kf1 Qf6 21. Nb3 Rad8 22. Kg1 dxc4 23. Bxc4 c5 24. Qf1 cxd4 25. Bxe6 Qxe6 26. h5 Be4 27. Bxd4 Bb7 28. Rh4 Qd5 29. Kh2 Re6 30. Rd1 Re4 31. Rxe4 Qxe4 32. Re1 Qg4 33. Qf4 Qxh5+ 34. Qh4 Qd5 35. Rg1 Rc8 36. Nd2 Rc2 37. Be3 Qf3 38. Qd4 Qh5+ 0-1

[Event "ESP-chT Honor Gp1"]
[Site "Olite"]
[Date "2006.09.06"]
[Round "1"]
[White "Delchev, Aleksander"]
[Black "Giorgadze, Giorgi"]
[Result "1-0"]
[WhiteElo "2637"]
[BlackElo "2607"]
[PlyCount "55"]
[EventDate "2006.09.05"]
[EventType "team"]
[EventRounds "5"]
[EventCountry "ESP"]
[SourceTitle "CBM 115"]
[Source "ChessBase"]
[SourceDate "2006.11.15"]
[SourceVersion "1"]
[SourceVersionDate "2006.11.15"]
[SourceQuality "1"]

1. d4 Nf6 2. c4 e6 3. g3 d5 4. Nf3 Bb4+ 5. Bd2 a5 6. Bg2 dxc4 7. Qc2 Bxd2+ 8. Qxd2 Bd7 9. Ne5 Bc6 10. Nxc6 Nxc6 11. Na3 0-0 12. e3 Nb4 13. Nxc4 c5 14. a3 Nbd5 15. 0-0 b5 16. Ne5 cxd4 17. Qxd4 Rc8 18. Rfc1 a4 19. Bf1 Qa5 20. e4 Ne7 21. Nd7 Nxd7 22. Qxd7 Rxc1 23. Rxc1 Ng6 24. Qxb5 Qd2 25. Rc4 f5 26. exf5 Rxf5 27. Rc8+ Nf8 28. Qxf5 1-0

[Event "WchT 6th"]
[Site "Beersheba"]
[Date "2005.11.07"]
[Round "6.2"]
[White "Dominguez Perez, Leinier"]
[Black "Giorgadze, Giorgi"]
[Result "1/2-1/2"]
[WhiteElo "2635"]
[BlackElo "2601"]
[PlyCount "79"]
[EventDate "2005.11.01"]
[EventType "team-tourn"]
[EventRounds "9"]
[EventCountry "ISR"]
[SourceTitle "CBM 110"]
[Source "ChessBase"]
[SourceDate "2006.01.31"]
[SourceVersion "1"]
[SourceVersionDate "2006.01.31"]
[SourceQuality "1"]
[WhiteTeam "Cuba"]
[BlackTeam "Georgia"]
[WhiteTeamCountry "CUB"]
[BlackTeamCountry "GEO"]

1. e4 e5 2. Nf3 Nc6 3. Bb5 Nf6 4. 0-0 Nxe4 5. d4 Nd6 6. Bxc6 dxc6 7. dxe5 Nf5 8. Qxd8+ Kxd8 9. Nc3 Ne7 10. h3 h6 11. Ne4 Ng6 12. b3 a5 13. a4 Bb4 14. Bb2 Nf4 15. Rad1+ Ke8 16. Nd4 Be6 17. Nxe6 fxe6 18. Kh2 Rd8 19. Rxd8+ Kxd8 20. g3 Nd5 21. c4 Nb6 22. f4 Nd7 23. Bd4 Ke7 24. g4 h5 25. Kg2 hxg4 26. hxg4 g6 27. Bf2 b6 28. Rh1 Rxh1 29. Kxh1 Ke8 30. Kg2 Be7 31. Kf3 c5 32. Bg3 Nb8 33. Nc3 Nc6 34. Ne2 Nd4+ 35. Nxd4 cxd4 36. Ke4 c5 37. f5 Bg5 38. f6 Kf7 39. Bf4 Bxf4 40. Kxf4 1/2-1/2

[Event "EU-Cup 21st"]
[Site "Saint Vincent"]
[Date "2005.09.20"]
[Round "3.5"]
[White "Giorgadze, Giorgi"]
[Black "Ivanov, Sergey"]
[Result "1/2-1/2"]
[WhiteElo "2601"]
[BlackElo "2538"]
[PlyCount "78"]
[EventDate "2005.09.18"]
[EventType "team-swiss"]
[EventRounds "7"]
[EventCountry "ITA"]
[SourceTitle "CBM 110"]
[Source "ChessBase"]
[SourceDate "2006.01.31"]
[SourceVersion "1"]
[SourceVersionDate "2006.01.31"]
[SourceQuality "1"]
[WhiteTeam "Tbilisi"]
[BlackTeam "Saransk TPS"]
[WhiteTeamCountry "GEO"]
[BlackTeamCountry "RUS"]

1. Nf3 d5 2. g3 Bg4 3. Bg2 Nd7 4. c4 e6 5. cxd5 exd5 6. h3 Bxf3 7. Bxf3 c6 8. 0-0 Ngf6 9. d3 Bd6 10. e4 0-0 11. Nc3 dxe4 12. dxe4 Be5 13. Bg2 Re8 14. Qc2 Nc5 15. Be3 Qe7 16. Ne2 Bd6 17. f3 Nd5 18. Bf2 Nb4 19. Qc3 a5 20. Nd4 g6 21. Rfd1 Rad8 22. Bf1 Be5 23. a3 Ne6 24. axb4 axb4 25. Nxc6 bxc3 26. Nxe7+ Rxe7 27. Rxd8+ Nxd8 28. bxc3 Bxc3 29. Rd1 Nc6 30. Kg2 Kg7 31. Bb5 Bf6 32. Bb6 h5 33. h4 Re5 34. Bc4 Re7 35. Bc5 Rc7 36. Bb6 Re7 37. Bb5 Re5 38. Be2 Re8 39. Bb5 Re5 1/2-1/2

[Event "EU-Cup 21st"]
[Site "Saint Vincent"]
[Date "2005.09.19"]
[Round "2.4"]
[White "Giorgadze, Giorgi"]
[Black "Domont, Alexandre"]
[Result "1-0"]
[WhiteElo "2601"]
[BlackElo "2415"]
[PlyCount "79"]
[EventDate "2005.09.18"]
[EventType "team-swiss"]
[EventRounds "7"]
[EventCountry "ITA"]
[SourceTitle "CBM 110"]
[Source "ChessBase"]
[SourceDate "2006.01.31"]
[SourceVersion "1"]
[SourceVersionDate "2006.01.31"]
[SourceQuality "1"]
[WhiteTeam "Tbilisi"]
[BlackTeam "Biel"]
[WhiteTeamCountry "GEO"]
[BlackTeamCountry "SUI"]

1. Nf3 b6 2. c4 Bb7 3. Nc3 f5 4. d3 Nf6 5. e4 fxe4 6. dxe4 e5 7. Bd3 Bb4 8. Qc2 d6 9. 0-0 Bxc3 10. Qxc3 c5 11. Bg5 h6 12. Bxf6 Qxf6 13. Bc2 0-0 14. Qd3 Nc6 15. Rad1 Rad8 16. Ba4 Ne7 17. Ne1 Ng6 18. g3 Nh8 19. Bc2 Nf7 20. f4 exf4 21. e5 Ng5 22. gxf4 Qe6 23. fxg5 Qg4+ 24. Qg3 Rxf1+ 25. Kxf1 Rf8+ 26. Kg1 Qe2 27. Nd3 Qxc2 28. Rc1 Qd2 29. gxh6 Qxh6 30. Rf1 Re8 31. b3 Re6 32. Nf4 Rxe5 33. h4 Kh7 34. Kh2 g5 35. Nh3 gxh4 36. Rf7+ Kh8 37. Qf2 Be4 38. Rf6 Bg6 39. Rxd6 Qh5 40. Nf4 1-0

[Event "ESP-chT Honor Gp2 49th"]
[Site "Sant Lluis"]
[Date "2005.09.04"]
[Round "5"]
[White "Chernin, Alexander"]
[Black "Giorgadze, Giorgi"]
[Result "1/2-1/2"]
[WhiteElo "2598"]
[BlackElo "2601"]
[PlyCount "28"]
[EventDate "2005.08.31"]
[EventType "team"]
[EventRounds "5"]
[EventCountry "ESP"]
[SourceTitle "CBM 109"]
[Source "ChessBase"]
[SourceDate "2005.11.14"]
[SourceVersion "1"]
[SourceVersionDate "2005.11.14"]
[SourceQuality "1"]

1. c4 e6 2. g3 d5 3. Bg2 g6 4. Nf3 Bg7 5. 0-0 Ne7 6. Qc2 Nbc6 7. a3 0-0 8. d3 a5 9. Nc3 Bd7 10. b3 Nf5 11. Bb2 Ncd4 12. Nxd4 Nxd4 13. Qd1 dxc4 14. bxc4 e5 1/2-1/2

[Event "ESP-chT"]
[Site "Sanxenxo"]
[Date "2004.11.26"]
[Round "9"]
[White "Giorgadze, Giorgi"]
[Black "Narciso Dublan, Marc"]
[Result "1/2-1/2"]
[WhiteElo "2612"]
[BlackElo "2487"]
[PlyCount "92"]
[EventDate "2004.11.18"]
[EventType "team"]
[EventRounds "9"]
[EventCountry "ESP"]
[SourceTitle "CBM 105"]
[Source "ChessBase"]
[SourceDate "2005.04.11"]
[SourceVersion "1"]
[SourceVersionDate "2005.04.11"]
[SourceQuality "1"]

1. d4 e6 2. c4 f5 3. g3 Nf6 4. Bg2 c6 5. Nf3 d5 6. 0-0 Bd6 7. b3 Qe7 8. Bb2 0-0 9. Qc1 b6 10. Ba3 Bb7 11. Bxd6 Qxd6 12. Qb2 Nbd7 13. Nbd2 c5 14. Rfd1 Rac8 15. cxd5 exd5 16. Ne5 Rc7 17. Nxd7 Rxd7 18. e3 g5 19. dxc5 bxc5 20. Nc4 Qc7 21. Ne5 Rg7 22. Rac1 f4 23. Nd3 fxe3 24. Nxc5 exf2+ 25. Qxf2 Qb6 26. Nxb7 Qxf2+ 27. Kxf2 Rxb7 28. Kg1 Rd7 29. Rd4 Re8 30. Bf3 Re6 31. Kf2 Kg7 32. Rc2 Kg6 33. Re2 Rxe2+ 34. Kxe2 Kf5 35. Rd2 g4 36. Bg2 Ne4 37. Rd4 Ke5 38. Ke3 Nf6 39. Ra4 Rc7 40. Kd2 Rg7 41. Ke3 Rc7 42. Kd2 h5 43. Kd3 Rh7 44. Ke3 Rc7 45. Kd3 Rh7 46. Ke3 Rc7 1/2-1/2

[Event "ESP-chT"]
[Site "Sanxenxo"]
[Date "2004.11.25"]
[Round "8"]
[White "Moiseenko, Alexander"]
[Black "Giorgadze, Giorgi"]
[Result "1-0"]
[WhiteElo "2653"]
[BlackElo "2612"]
[PlyCount "63"]
[EventDate "2004.11.18"]
[EventType "team"]
[EventRounds "9"]
[EventCountry "ESP"]
[SourceTitle "CBM 105"]
[Source "ChessBase"]
[SourceDate "2005.04.11"]
[SourceVersion "1"]
[SourceVersionDate "2005.04.11"]
[SourceQuality "1"]

1. d4 d5 2. c4 e6 3. Nc3 Bb4 4. Nf3 Nf6 5. cxd5 exd5 6. Bg5 h6 7. Bh4 g5 8. Bg3 Ne4 9. Nd2 Nxc3 10. bxc3 Bxc3 11. Rc1 Bb2 12. Bxc7 Qd7 13. Rb1 Bc3 14. Be5 0-0 15. Rb3 Ba5 16. h4 Nc6 17. hxg5 Nxe5 18. dxe5 Qc7 19. e3 Qxe5 20. f4 Qc7 21. Rxh6 Re8 22. Kf2 d4 23. Kg1 Bf5 24. Qh5 Kg7 25. e4 Rxe4 26. Nxe4 Bxe4 27. Rh3 d3 28. Rh7+ Kf8 29. g6 Bb6+ 30. Kh1 Bxg6 31. Qxg6 Qxf4 32. Qg7+ 1-0

[Event "ESP-chT"]
[Site "Lanzarote"]
[Date "2003.05.13"]
[Round "8.2"]
[White "Giorgadze, Giorgi"]
[Black "Short, Nigel D"]
[Result "1-0"]
[WhiteElo "2593"]
[BlackElo "2686"]
[PlyCount "91"]
[EventDate "2003.05.06"]
[EventType "team"]
[EventRounds "9"]
[EventCountry "ESP"]
[SourceTitle "CBM 094 Extra"]
[Source "ChessBase"]
[SourceDate "2003.07.09"]
[SourceVersion "2"]
[SourceVersionDate "2003.07.09"]
[SourceQuality "1"]
[WhiteTeam "Morgote CA"]
[BlackTeam "Valencia Grupo Bali"]
[WhiteTeamCountry "ESP"]
[BlackTeamCountry "ESP"]

1. d4 e6 2. c4 b6 3. Nc3 Bb7 4. a3 g6 5. e4 Bg7 6. Nf3 d6 7. Bd3 Nd7 8. 0-0 h6 9. Be3 Ngf6 10. Nd2 c5 11. Nb5 Qb8 12. d5 Ne5 13. Be2 exd5 14. cxd5 a6 15. f4 Ned7 16. Nc3 0-0 17. a4 Qc7 18. Bc4 Rae8 19. Qf3 Nh7 20. Rae1 Kh8 21. Qg3 Bc8 22. Kh1 Qd8 23. Bd3 Ndf6 24. Nc4 Ng4 25. Bg1 h5 26. h3 h4 27. Qf3 Ngf6 28. Bh2 Nh5 29. e5 dxe5 30. fxe5 Ng5 31. Qf2 b5 32. axb5 axb5 33. Nd6 c4 34. Nxe8 Rxe8 35. Bc2 b4 36. Nb5 b3 37. Nd6 bxc2 38. Nxe8 Qxe8 39. Qxh4 Qd8 40. Qxc4 Bb7 41. h4 Bxd5 42. Qxc2 Ne6 43. Qf2 f5 44. exf6 Bxf6 45. Qd2 Bxh4 46. Rxe6 1-0

[Event "ESP-chT"]
[Site "Cala Galdana"]
[Date "2001.10.21"]
[Round "9"]
[White "Giorgadze, Giorgi"]
[Black "Cacho Reigadas, Sergio"]
[Result "1-0"]
[WhiteElo "2585"]
[BlackElo "2463"]
[PlyCount "61"]
[EventDate "2001.10.13"]
[EventType "team"]
[EventRounds "9"]
[EventCountry "ESP"]
[SourceTitle "CBM 084 Extra"]
[Source "ChessBase"]
[SourceDate "2001.10.26"]
[SourceVersion "1"]
[SourceVersionDate "2001.10.26"]
[SourceQuality "1"]

1. d4 d5 2. c4 c6 3. Nf3 Nf6 4. e3 e6 5. Nbd2 Nbd7 6. Bd3 Bd6 7. 0-0 0-0 8. b3 e5 9. cxd5 cxd5 10. dxe5 Nxe5 11. Be2 Qe7 12. Bb2 Bf5 13. Bxe5 Bxe5 14. Nxe5 Qxe5 15. Nf3 Qb2 16. Nd4 Bg6 17. Qc1 Qxc1 18. Rfxc1 a6 19. Rc7 Rab8 20. Rac1 Rfd8 21. f3 h5 22. Kf2 Kf8 23. b4 Rd7 24. Rc8+ Rd8 25. Rxd8+ Rxd8 26. Rc7 Rd7 27. Rc8+ Ke7 28. b5 a5 29. b6 Ne8 30. Bb5 Rd8 31. Nc6+ 1-0